[Event "Nettetal op"]
[Site "Nettetal"]
[Date "2010.07.05"]
[Round "3"]
[White "Van der Valk, Reiner"]
[Black "Mangels, Winfried"]
[Result "0-1"]
[WhiteElo "1872"]
[BlackElo "1543"]
[PlyCount "126"]
[EventDate "2010.07.03"]
[EventType "swiss"]
[EventRounds "9"]
[EventCountry "GER"]
[SourceTitle "CBM 137 Extra"]
[Source "ChessBase"]
[SourceDate "2010.09.01"]
[SourceVersion "1"]
[SourceVersionDate "2010.09.01"]
[SourceQuality "1"]

1. e4 c5 2. Nf3 Nc6 3. d4 cxd4 4. Nxd4 e6 5. Bc4 a6 6. Bb3 g6 7. Nc3 Bg7 8. Be3 Nge7 9. Qd2 b5 10. a3 Bb7 11. f3 Rc8 12. 0-0 Na5 13. Ba2 Nc4 14. Bxc4 Rxc4 15. Nde2 Rc8 16. Bd4 f6 17. Rad1 Nc6 18. Bc5 Ne5 19. Qd4 Bf8 20. Bxf8 Rxf8 21. b3 Qe7 22. f4 Nf7 23. Rf3 Qc5 24. Rfd3 d6 25. Kh1 Ke7 26. e5 Qxd4 27. Rxd4 fxe5 28. fxe5 d5 29. Rf1 Nxe5 30. Rxf8 Rxf8 31. Kg1 g5 32. a4 Bc6 33. h3 Ng6 34. Rg4 h6 35. Nd4 Kd6 36. axb5 axb5 37. Ncxb5+ Bxb5 38. Nxb5+ Kd7 39. c4 Rb8 40. Rg3 e5 41. Rd3 Nf4 42. Rd2 d4 43. g3 Nxh3+ 44. Kg2 g4 45. Nxd4 exd4 46. Rxd4+ Kc6 47. Rxg4 Ng5 48. Rh4 Nf7 49. Rf4 Rb7 50. b4 Re7 51. Kf2 Ne5 52. Re4 Kd6 53. Rd4+ Ke6 54. Ke3 h5 55. c5 Kf5 56. b5 Nc6+ 57. Kd3 Nxd4 58. Kxd4 Ke6 59. Kc4 Kd7 60. Kd5 Re3 61. c6+ Kc7 62. Kc5 Re5+ 63. Kc4 Kb6 0-1

[Event "Nettetal op"]
[Site "Nettetal"]
[Date "2010.07.03"]
[Round "1"]
[White "Van der Valk, Reiner"]
[Black "Romanishin, Oleg M"]
[Result "0-1"]
[WhiteElo "1872"]
[BlackElo "2513"]
[PlyCount "34"]
[EventDate "2010.07.03"]
[EventType "swiss"]
[EventRounds "9"]
[EventCountry "GER"]
[SourceTitle "CBM 137 Extra"]
[Source "ChessBase"]
[SourceDate "2010.09.01"]
[SourceVersion "1"]
[SourceVersionDate "2010.09.01"]
[SourceQuality "1"]

1. e4 c5 2. d4 cxd4 3. Qxd4 Nc6 4. Qe3 g6 5. Nc3 Bg7 6. Bd3 Nf6 7. f3 d5 8. exd5 Nxd5 9. Nxd5 Qxd5 10. c3 0-0 11. Ne2 Rd8 12. Bc2 Bf5 13. Bb3 Qb5 14. Bd2 a5 15. Ng3 Bd3 16. 0-0-0 a4 17. Bc2 Ne5 0-1